कृष्ण-चरित / (Record no. 121341)

MARC details
000 -LEADER
fixed length control field 01018nam a22002537a 4500
005 - DATE AND TIME OF LATEST TRANSACTION
control field 20170124103211.0
010 ## - LIBRARY OF CONGRESS CONTROL NUMBER
LC control number A-382676
020 ## - INTERNATIONAL STANDARD BOOK NUMBER
Terms of availability 75.00
035 ## - SYSTEM CONTROL NUMBER
System control number A-382676
037 ## - SOURCE OF ACQUISITION
Source of stock number/acquisition Cen Lib/Ret
040 ## - CATALOGING SOURCE
Original cataloging agency DPL
Language of cataloging HN
082 ## - DEWEY DECIMAL CLASSIFICATION NUMBER
Classification number 821
Item number श्रीवास्त
100 ## - MAIN ENTRY--PERSONAL NAME
Personal name श्रीवास्तव, रामसहायलाल
9 (RLIN) 49095
245 ## - TITLE STATEMENT
Title कृष्ण-चरित /
Statement of responsibility, etc रामसहायलाल श्रीवास्तव
246 ## - VARYING FORM OF TITLE
Title proper/short title Krishn-charit /
Remainder of title by Ramsahayelal Shreevastava
260 ## - PUBLICATION, DISTRIBUTION, ETC. (IMPRINT)
Place of publication, distribution, etc लखनऊ
Name of publisher, distributor, etc सुलभ प्रकाशन
Date of publication, distribution, etc 1989
270 ## - ADDRESS
City लखनऊ
Address 17, अशोक मार्ग
Postal code 1
300 ## - PHYSICAL DESCRIPTION
Extent 135पृ.
Dimensions 18सेमी(सजिल्द )
650 ## - SUBJECT ADDED ENTRY--TOPICAL TERM
Topical term or geographic name as entry element साहित्य-- काव्य
General subdivision
Geographic subdivision
9 (RLIN) 96622
650 ## - SUBJECT ADDED ENTRY--TOPICAL TERM
Topical term or geographic name as entry element हिंदी -- काव्य
9 (RLIN) 96623
650 ## - SUBJECT ADDED ENTRY--TOPICAL TERM
Topical term or geographic name as entry element Litarature-- Poetry
9 (RLIN) 96624
650 ## - SUBJECT ADDED ENTRY--TOPICAL TERM
Topical term or geographic name as entry element Hindi - Poetry
9 (RLIN) 96625
942 ## - ADDED ENTRY ELEMENTS (KOHA)
Source of classification or shelving scheme Dewey Decimal Classification
Koha item type Hindi Books
Classification part 821
Call number suffix श्रीवास्त
Holdings
Withdrawn status Lost status Damaged status Not for loan Home library Current library Date acquired Source of acquisition Cost, normal purchase price Total Checkouts Full call number Barcode Date last seen Copy number Cost, replacement price Price effective from Koha item type
        Central Library Central Library 05/10/2015 Cen Lib/Ref 75.00   821 श्रीवास्त A-382676 05/10/2015 1 75.00 05/10/2015 Hindi Books

© Delhi Public Library
Hit Counter
free hit counter